00241nam a2200097Ia 4500008004100000100001600041245003300057260002900090300000800119650001600127191201s2001 xx 000 0 und d aMEHTA, V.K. 0aBasic Electrical Engineering aN. DelhibS. Chandc2001 a407 aB.Tech(ECE)